Normal view
MARC view
Entry Personal Name
001 - CONTROL NUMBER
- control field: 40778
003 - CONTROL NUMBER IDENTIFIER
- control field: dpl
005 - DATE AND TIME OF LATEST TRANSACTION
- control field: 20120204114611.0
008 - FIXED-LENGTH DATA ELEMENTS
- fixed length control field: 120204|||a|||||| | ||| d
040 ## - CATALOGING SOURCE
- Original cataloging agency: dpl
- Transcribing agency: dpl
100 ## - HEADING--PERSONAL NAME
- Personal name: विनय प्रताप सिंह
670 ## - SOURCE DATA FOUND
- Source citation: Work cat.: (dpl)7241: विनय प्रताप सिंह, आर गुप्ता कृत पॉपुलर मास्टर वस्तुनिष्ठ दर्शनशास्त्रःप्रतियोगी परीक्षाओं हेतु उपयोगी प्रश्नों का उच्चस्तरीय संकलन, व.अ.
670 ## - SOURCE DATA FOUND
- Source citation: Work cat.: (dpl)7241: विनय प्रताप सिंह, आर गुप्ता कृत पॉपुलर मास्टर वस्तुनिष्ठ दर्शनशास्त्रःप्रतियोगी परीक्षाओं हेतु उपयोगी प्रश्नों का उच्चस्तरीय संकलन, व.अ.
